Países com Pontos Cardeais em Seus Nomes - Statistics

Estatísticas Gerais
  • Esse quiz foi jogado 7 171 vezes
  • A pontuação média é 4 de 6
Estatísticas das Respostas
País % Correto
Coreia do Norte
84%
Coreia do Sul
84%
Sudão do Sul
73%
África do Sul
67%
Macedônia do Norte
59%
Timor-Leste
51%
Nenhum quiz correspondente encontrado
Distribuição das Pontuações
Porcentagem de Pessoas com Cada Pontuação
Percentil de Números Respondidos
Sua Pontuação Histórica
Você não jogou esse quiz